000 00322 a2200157 4500
001 164761
020 _a
040 _cMagnum
100 _aRios, Rosana
240 1 0 _aA vassoura da bruxa
_lpor
245 1 0 _aA vassoura da bruxa
362 0 _a1899
440 1 _aModerna
697 _aIJ/BRUXA, MISTERIO
942 _cBK
999 _c164761
_d164761